| 000 | 00512nam a22001937a 4500 | ||
|---|---|---|---|
| 003 | LC | ||
| 005 | 20160223101834.0 | ||
| 008 | 130914t xxu||||| |||| 00| 0 eng d | ||
| 020 | _a9780575040632 | ||
| 050 |
_aPR 6013.03 _b.G568 1934 |
||
| 082 |
_aFIC _bG56f 1987 |
||
| 100 |
_aGolding, Louis _919764 |
||
| 245 |
_aFive silver daughters _cLouis Golding |
||
| 260 |
_aLondon : _bVictor Gollancz Ltd, _cc1934. |
||
| 300 |
_a608 p. : _c20 cm. |
||
| 650 |
_aFiction. _9746 |
||
| 942 |
_2lcc _cBK |
||
| 999 |
_c11311 _d11311 |
||